000 00539nam a2200169 a 4500
001 000037705
005 20201002031114.0
008 121115s2012 dr 000 0 spa d
020 _a9789945165012
040 _aDO-SdBNP
_bspa
_cBNPHU
082 _axxx
_bxxx
100 1 _aEncarnación, Miguel Ángel
_d1981-
_964166
245 1 0 _aConfluir de dos aguas /
_cMiguel Ángel Encarnación.
260 _aSanto Domingo :
_bBúho,
_c2012.
300 _a150 p. ;
_c22 cm.
500 _aIncluye datos biográficos del autor en la solapa de la cubierta
999 _c37195
_d37195